| 000 | 00880nam a2200289 a 4500 | ||
|---|---|---|---|
| 001 | ASIN1408800292 | ||
| 005 | 20170105102925.0 | ||
| 008 | 131211s xxu eng d | ||
| 020 | _a1408800292 (paperback) | ||
| 020 | _a9781408800294 (paperback) | ||
| 040 | _a0 | ||
| 050 | 0 | 4 | _aJZ1616 |
| 082 | 0 | 4 |
_a327.4701821 _bLUC 2008 |
| 245 | 0 | 4 |
_aThe new cold war : _bhow the kremlin menaces both russia and the west. |
| 260 |
_a[S.l.] : _bn/a, |
||
| 300 |
_a1 v. (unpaged) ; _c24 cm. |
||
| 520 | _aBook by. | ||
| 650 | 0 | _aEconomic history | |
| 650 | 0 | _aEnergy policy | |
| 650 | 0 | _aInternational relations | |
| 650 | 0 | _aPolitical science | |
| 650 | 0 | _aPutin, Vladimir Vladimirovich, 1952- | |
| 650 | 0 | _aRussia (Federation) | |
| 650 | 0 | _aSocial history | |
| 856 | 4 | 0 |
_3Amazon.com _uhttp://www.amazon.com/exec/obidos/ASIN/1408800292/chopaconline-20 |
| 942 |
_2ddc _cBK |
||
| 999 |
_c15764 _d15764 |
||